000 00313nam a2200133Ia 4500
005 20251222141846.0
008 251222s9999||||xx |||||||||||||| ||spa||
020 _a9972979903
082 _a808.882/C76
100 _aContreras Vera, Cecilia
245 0 _aCaricias para el Alma
264 _bPalomino
942 _cLIB
999 _c7589
_d7589